000 00545nam a2200217Ia 4500
003 0100
008 130303s9999 xx 000 0 und d
020 _a669067377
040 _cARRUPELIB
050 _aHB171.5.G648 1984
100 _aGordon, Sanford D
245 _aIntroductory economics
250 _a5th
260 _aLexington, Mass.
260 _bD.C. Heath
260 _C1984
300 _axix
300 _b 458 p.ill. (some col.) 24 cm
700 _aSanford D. Gordon, George G. Dawson , Dawson, George Glenn
942 0 0 _01
999 _c12506
_d12506